000 00224nam a2200097Ia 4500
005 20251222114344.0
008 251222s1900||||xx |||||||||||||| ||spa||
082 _aDVD0010/M57/1981/BR
245 0 _aConan el bárbaro:
942 _cDVD
999 _c967
_d967